Normal view
MARC view
Entry Geographic Name
001 - CONTROL NUMBER
- control field: 856286
003 - CONTROL NUMBER IDENTIFIER
- control field:
005 - DATE AND TIME OF LATEST TRANSACTION
- control field: 20210627084107.0
008 - FIXED-LENGTH DATA ELEMENTS
- fixed length control field: 210627|| aca||aabn | a|a d
040 ## - CATALOGING SOURCE
- Original cataloging agency:
- Transcribing agency:
151 ## - HEADING--GEOGRAPHIC NAME
- Geographic name: Freedom of information z United States
670 ## - SOURCE DATA FOUND
- Source citation: Work cat.: ()739290: Ernst, Morris L. 856285, The first freedom /, 1946
